<?xml version="1.0" encoding="UTF-8"?>
<collection xmlns:xsi="http://www.w3.org/2001/XMLSchema-instance" xsi:schemaLocation="http://www.loc.gov/MARC21/slim http://www.loc.gov/standards/marcxml/schema/MARC21slim.xsd" xmlns="http://www.loc.gov/MARC21/slim">
 <record>
  <leader>00000nam a22000004a 4500</leader>
  <controlfield tag="001">UP-8027390931312136150</controlfield>
  <controlfield tag="003">Buklod</controlfield>
  <controlfield tag="005">20250910135139.0</controlfield>
  <controlfield tag="006">m    |o  d |      </controlfield>
  <controlfield tag="007">ta</controlfield>
  <controlfield tag="008">250910s2025    ph ac   rb   f00| 0deng d</controlfield>
  <datafield tag="020" ind1=" " ind2=" ">
   <subfield code="a">9789718720622</subfield>
  </datafield>
  <datafield tag="037" ind1=" " ind2=" ">
   <subfield code="a">BC-71487</subfield>
   <subfield code="b">Gift- UP Baguio Kasarian</subfield>
  </datafield>
  <datafield tag="040" ind1=" " ind2=" ">
   <subfield code="a">BAG</subfield>
   <subfield code="e">rda</subfield>
  </datafield>
  <datafield tag="041" ind1="0" ind2=" ">
   <subfield code="a">eng</subfield>
  </datafield>
  <datafield tag="090" ind1=" " ind2="0">
   <subfield code="a">LG 975 A3</subfield>
   <subfield code="b">V55 2025</subfield>
  </datafield>
  <datafield tag="100" ind1="1" ind2=" ">
   <subfield code="a">Villa, Victoria Jardiolin</subfield>
   <subfield code="e">author.</subfield>
  </datafield>
  <datafield tag="245" ind1="1" ind2="0">
   <subfield code="a">Wowsome women of the UP School of Business</subfield>
   <subfield code="c">Victoria Jardiolin-Villa ; edited by Larissa Mae R. Suarez, Melissa Moran ; book design by Futura Extra Bold design.</subfield>
  </datafield>
  <datafield tag="264" ind1=" " ind2="1">
   <subfield code="a">Quezon City, Metro Manila</subfield>
   <subfield code="b">UP Center for Women's and Gender Studies</subfield>
   <subfield code="c">[2025]</subfield>
  </datafield>
  <datafield tag="300" ind1=" " ind2=" ">
   <subfield code="a">193 pages</subfield>
   <subfield code="b">illustrations (some color) portraits</subfield>
   <subfield code="c">24 cm</subfield>
  </datafield>
  <datafield tag="336" ind1=" " ind2=" ">
   <subfield code="a">text</subfield>
   <subfield code="2">rdacontent</subfield>
  </datafield>
  <datafield tag="337" ind1=" " ind2=" ">
   <subfield code="a">unmediated</subfield>
   <subfield code="2">rdamedia</subfield>
  </datafield>
  <datafield tag="338" ind1=" " ind2=" ">
   <subfield code="a">volume</subfield>
   <subfield code="2">rdacarrier</subfield>
  </datafield>
  <datafield tag="500" ind1=" " ind2=" ">
   <subfield code="a">Jointly published with UP Center for Women's Studies Foundation, Inc.</subfield>
  </datafield>
  <datafield tag="505" ind1="0" ind2=" ">
   <subfield code="a">1. Honor and Excellence in the Academe -- Emerlinda Ramos Roman : first woman president of the University of the Philippines -- Erlinda S. Echanis : catalyst for change and growth in the University -- Filomena Magno Cantoria : accounting and finance professor, mentor and friend to young artists -- 2. A passion for arts &amp; culture -- Phylita Joy Gamboa Virata : blending art and business in theater -- 3. Far though we wander -- Lilia Calderon Clemente : wonder woman of Wall Street -- Ma. Regina Roman Abueva : world-class Filipina executive -- Amelita Aranas-Armit : strengthening Filipino community in Canada -- Polly Santiago-Cortez : sustaining UP's linkages in North America -- Marilen J. Dañguilan : health policy adviser and women's health advocate -- Milagros V. Gregorio : Filipina expert in Indonesian banking and financial systems -- Marjorie T. Lao : an international career in top management -- Aurora Mauricio Rubin : trailblazing Filipina accountant -- Teresita M. Zaratan : edukasyon para sa masaganang kinabukasan -- 4. The roads less traveled -- Catherine Marie Castillo : Filipina commercial jet captain -- Bernadette Sembrano-Aguinaldo : multi-awarded broadcast journalist -- Johanne Siy : Asia's best female chef -- 5. Commitment to public service -- Lilia R. Bautista : ambassador to the United Nations -- Emilia Tabalanza Boncodin : honesty and integrity in government service -- Maria Gracia M. Pulido-Tan : she blew the whistle on the most powerful men in the land -- Cynthia Aguilar Villar : woman. advocate. maverick -- 6. Service &amp; profit in the private sector -- Maria Flordelis Francisco Aguenza : advocate of affordable financing for MSMEs and communities -- Maria Victoria Eustaquio Añonuevo : from academia and motherhood to real estate and civil service -- Annabelle Pizarro Brown : a woman  of faith and youth formation advocate -- Corazon R. Estrella : connoisseur, controller, consummate finance professional, CEO -- Ma. Aurora D. Geotina-Garcia : champion of gender equality and women's economic empowerment -- Conchita L. Manabat : breaking glass ceiling in the accounting profession -- Ann Marie V. Poe : enabler of social enterprises -- Carmelita G. Salgado : pioneering educator and the reluctant accountant -- Martha Sazon : may GCash ba kayo?</subfield>
  </datafield>
  <datafield tag="610" ind1="2" ind2="0">
   <subfield code="a">University of the Philippines Diliman</subfield>
   <subfield code="b">Cesar E.A. Virata School of Business</subfield>
   <subfield code="x">Alumni and alumnae.</subfield>
  </datafield>
  <datafield tag="650" ind1=" " ind2="0">
   <subfield code="a">Successful women</subfield>
   <subfield code="z">Philippines</subfield>
   <subfield code="v">Biography.</subfield>
  </datafield>
  <datafield tag="650" ind1=" " ind2="0">
   <subfield code="a">Women in development</subfield>
   <subfield code="z">Philippines.</subfield>
  </datafield>
  <datafield tag="700" ind1="1" ind2=" ">
   <subfield code="a">Suarez, Larissa Mae R.</subfield>
   <subfield code="e">editor.</subfield>
  </datafield>
  <datafield tag="700" ind1="1" ind2=" ">
   <subfield code="a">Moran, Melissa</subfield>
   <subfield code="e">editor.</subfield>
  </datafield>
  <datafield tag="710" ind1="2" ind2=" ">
   <subfield code="a">UP Center for Women's Studies Foundation, Inc.</subfield>
   <subfield code="e">publisher.</subfield>
  </datafield>
  <datafield tag="710" ind1="2" ind2=" ">
   <subfield code="a">Futura Extra Bold design</subfield>
   <subfield code="e">book designer.</subfield>
  </datafield>
  <datafield tag="905" ind1=" " ind2=" ">
   <subfield code="a">FI</subfield>
   <subfield code="a">UP</subfield>
  </datafield>
  <datafield tag="852" ind1="0" ind2=" ">
   <subfield code="a">UPBAG</subfield>
   <subfield code="b">UPBAG-MAIN</subfield>
   <subfield code="h">LG 975 A3</subfield>
   <subfield code="i">V55 2025</subfield>
  </datafield>
  <datafield tag="942" ind1=" " ind2=" ">
   <subfield code="a">Book</subfield>
  </datafield>
 </record>
</collection>
